| 000 | 00345nam a2200133Ia 4500 | ||
|---|---|---|---|
| 008 | 240624s9999 xx 000 0 und d | ||
| 041 | _aeng | ||
| 082 | _a808.84 BER | ||
| 100 | _aBERNSTEIN JEREMY | ||
| 245 | _aPHYSICISTS ON WALL STREET AND OTHER ESSA | ||
| 260 |
_c2008 _aLondon _bSpringer |
||
| 300 | _axii, 182 p.; 23 cm. | ||
| 365 |
_cERU _b35 |
||
| 999 |
_c31506 _d31506 |
||